Movies by Inanimate Object Quiz Stats

 Plays Quiz Updated Feb 6, 2015

Challenge
Share
Tweet
Embed
Score 0/30 Timer 06:00
0 Plays Today
Object Movie % Correct
Ruby SlippersThe Wizard Of Oz
93.7%
Ark Of The CovenantRaiders Of The Lost Ark
85.2%
Apple PieAmerican Pie
78.7%
VolleyballCast Away
74.6%
EctoplasmGhostbusters
72.3%
BalloonsUp
72%
Reese's PiecesE.T. the Extra-Terrestrial
71.6%
Blue PillThe Matrix
70.7%
Gray's Sports AlmanacBack To The Future Part II
70.6%
Declaration of IndependenceNational Treasure
67.5%
Wood ChipperFargo
66.8%
Leg LampA Christmas Story
66.4%
Amplifier (That Goes To 11)This Is Spinal Tap
61.1%
SoapFight Club
56.9%
Snow GlobeCitizen Kane
55.3%
Object Movie % Correct
NeuralyzerMen In Black
53.2%
Holy Hand Grenade of AntiochMonty Python And The Holy Grail
52.8%
SegwayPaul Blart: Mall Cop
47%
Mount RushmoreNorth By Northwest
45.5%
PianoCasablanca
41.3%
Monolith2001: A Space Odyssey
39.6%
RugThe Big Lebowski
39.1%
Gold WatchPulp Fiction/Speed
38.9%
UnobtaniumAvatar
37.1%
Perfect Business CardAmerican Psycho
36.6%
Chastity BeltRobin Hood: Men In Tights
34.6%
Giant CombSpaceballs
34.4%
Bowler HatA Clockwork Orange
29%
Coke BottleThe Gods Must Be Crazy
28.1%
Floating BarrelsJaws
22.1%

You're not logged in!

Compare scores with friends on all Sporcle quizzes.
OR
Log In

You Might Also Like...

Show Comments

Extras

Top Quizzes Today


Score Distribution

Your Account Isn't Verified!

In order to create a playlist on Sporcle, you need to verify the email address you used during registration. Go to your Sporcle Settings to finish the process.

Report this User

Report this user for behavior that violates our Community Guidelines.

Details: